banner koha

Foliares de verão: importante momento para correções na nutrição dos pomares de laranja (Registro n. 299254)

MARC details
000 -LÍDER
fixed length control field 01027nab a2200301 4500
003 - CÓDIGO MARC DA AGÊNCIA CATALOGADORA
Campo de controle BR-BrBNA
005 - DATA E HORA DA ÚLTIMA ATUALIZAÇÃO
Campo de controle 20240421215144.0
008 - CAMPO DE TAMANHO FIXO
fixed length control field 240421b bl.||||| |||| 00| 0 por d
040 ## - FONTE DA CATALOGAÇÃO
Agência catalogadora BR-BrBNA
Idioma da catalogação por
072 ## - CATEGORIA AGRIS
Código AGRIS F61 ; F04 ; H50
100 ## - ENTRADA PRINCIPAL - NOME PESSOAL
Nome pessoal L. Neto, Ramiro de S.
245 ## - TÍTULO PRINCIPAL
Título principal Foliares de verão: importante momento para correções na nutrição dos pomares de laranja
Subtítulo Nutrição Mineral
500 ## - NOTA GERAL
Nota geral 2 illus.; 2 tables
942 ## - ADDED ENTRY ELEMENTS (KOHA)
Koha item type
650 ## - ASSUNTO - THESAGRO
Cabeçalho tópico ou nome geográfico LARANJA
650 ## - ASSUNTO - THESAGRO
Cabeçalho tópico ou nome geográfico POMAR
650 ## - ASSUNTO - THESAGRO
Cabeçalho tópico ou nome geográfico NUTRIÇÃO VEGETAL
650 ## - ASSUNTO - THESAGRO
Cabeçalho tópico ou nome geográfico MINERAL
650 ## - ASSUNTO - THESAGRO
Cabeçalho tópico ou nome geográfico MACRONUTRIENTE
650 ## - ASSUNTO - THESAGRO
Cabeçalho tópico ou nome geográfico MICRONUTRIENTE
650 ## - ASSUNTO - THESAGRO
Cabeçalho tópico ou nome geográfico FERTILIZANTE
650 ## - ASSUNTO - THESAGRO
Cabeçalho tópico ou nome geográfico DEFICIÊNCIA MINERAL
650 ## - ASSUNTO - THESAGRO
Cabeçalho tópico ou nome geográfico DISTÚRBIO NUTRICIONAL
650 ## - ASSUNTO - THESAGRO
Cabeçalho tópico ou nome geográfico ANÁLISE FOLIAR
650 ## - ASSUNTO - THESAGRO
Cabeçalho tópico ou nome geográfico ADUBAÇÃO FOLIAR
773 0# - ENTRADA ANALÍTICA
Host Biblionumber 4769
Registro do item 314650
Imprenta Bebedouro - SP Grupo Técnico de Assistência e Consultoria em Citrus 2001
Outro identificador 2024-0902
Título Ciência e Pratica (Brazil)
Colação v. 11(43) p. 13-16; (Oct-Dec 2011)
Número de controle de registro BR2024000843

Nenhum exemplar disponível.

BINAGRI

Telefone: (61)3218-2567/2388/3357/2097 - binagri@agro.gov.br

Ministério da Agricultura e Pecuária , Esplanada dos Ministérios, Bloco D, Anexo B, Brasília/DF, CEP: 70.043-900